000 01016nam a2200277Ia 4500
003 OSt
005 20220923220403.0
006 a|||||r|||| 00| 0
007 ta
008 220922b |||||||| |||| 00| 0 hin d
024 _a186,300
037 _cTextual
040 _aARTS
_cARTS
_bhin
041 _2hin
_ahin
082 _aY:1v245, 152M6
100 _aकाश्यप, पदम चन्द्र
245 0 _aहिमाचल संस्कृति का इतिहास
246 _aHimāchal sanskṛuti kā itihāsa
260 _aदिल्ली
_b आर्य प्रकाशन मण्डल
_c1986
300 _a232 पृ.
_ccm.
650 _a भारतीय संस्कृति
_9157954
650 _a भारतीय संस्कृति
_9157954
650 _aभारतीय-लोक साहित्य
942 _hY:1v245, 152M6
_cTEXL
_2CC
999 _c339545
_d339545